000 00832cam a2200361 4500
001 J101166
008 000000n1999 000 0 eng u
035 _a(Sirsi) u101166
041 _aeng
050 _a333.337
110 _aWeatherall Green and Smith
_92055
245 _aInternational rent survey. - Summer 1999.
260 _bWeatherall Green and Smith
_c1999
300 _a19p. ; 30cm.
350 _a0
650 _aAMSTERDAM
650 _aBRUSSELS
650 _aCOPENHAGEN
650 _aDUBLIN
650 _aHONG KONG
650 _aINTERNATIONAL RENT SURVEY
650 _aLONDON
650 _aMADRID
650 _aMILAN
650 _aMOSCOW
650 _aNEW YORK
650 _aOFFICES
650 _aPARIS
650 _aTOKYO
690 _aOVERSEAS
942 _n0
948 _c08/06/1999
999 _c100028
_d100028